000 00656nas a2200241 4500
001 BR9104234
003 BR-BrBNA
005 20231205092149.0
007 ta
008 230509b bl.|||p| |||| 00| 00por d
040 _aBR-BrBNA
_bpor
_cBiblioteca Nacional de Agricultura
041 _a(Pt)
072 _aN20
100 1 _aRedondo, O.
245 1 _aMaquina de bater feijao
650 _aMAQUINA AGRICOLA
650 _aBATEDOR
650 _aIMPLEMENTO AGRICOLA
650 _aFEIJAO
773 0 _tGlobo Rural (Brazil)
_xISSN 0102-6178
_g(Mar 1989), v. 4(41) p. 23-24
_wBR9104234
909 _a202311
_bLúcia
_c55
_dLúcia Elande
942 _2AGRIS
_n0
_cANA
999 _c129787
_d129787